000 00898cam a2200241 4500
001 ABS62509
008 000000n2000 000 0 eng u
035 _a(Sirsi) u106471
100 _aWatson, V.
245 4 _aThe Human Rights Act and its impact on the landlord and tenant relationship
260 _c2000
490 _aCSM
_bChartered Surveyor Monthly
_vJune 2000, 16(1)
520 _aReports on the likely impact of the Human Rights Act 1998 on property matters - in particular the relationship between landlords and tenants. Warns that some current property procedures are likely to be overturned by the Act - namely distress and forfeiture.
590 _aABS
650 _aHUMAN RIGHTS ACT 1998
650 _aFORFEITURE
650 _aLEASES
650 _aPEACEABLE RE-ENTRY
650 _aLANDLORDS
650 _aTENANTS
690 _aPROPERTY-LANDLORD AND TENANT
942 _n0
999 _c63778
_d63778